SB Maffija - Hotel Maffija 2 - Statystyki

Ogólne statystyki
  • Ten quiz został rozwiązany 1 233 razy
    750 od ostatniego zresetowania
  • Średni wynik to 16 z 25
Statystyki odpowiedzi
Numer Tytuł Gość % Poprawnych
1 Parapetówa
91%
6 Droga Pani Nypel
82%
19 Lawenda
82%
3 Agrest i bez Kuqe 2115, Flexxy 2115 & Blacha 2115
81%
13 Łyk i buch GOMBAO 33
78%
2 Za karę
75%
7 Zielona szkoła Nypel
72%
5 Doba hotelowa Kuqe 2115, Flexxy 2115 & Blacha 2115
71%
22 (Deluxe) Proste fakty Kuqe 2115, Flexxy 2115 & Blacha 2115
69%
18 Szansa na sukces Nypel & Nowciax
69%
4 co to za bluza lanek?
67%
12 Prometazyna
67%
23 (Deluxe) TESTOSTERONOWY DON KęKę, Marian Lichtman & Włodar
64%
8 Śniadanie w hotelu
63%
15 Pancerz
61%
11 Chodzę po Luwrze
60%
16 Do zobaczenia
60%
10 Bania u Solara
58%
14 Baśnie braci Kacperczyk
58%
9 WROOBEL DAJ TO GŁOŚNIEJ
57%
17 Postanowienia noworoczne
56%
20 Wiatr wielkich zmian
55%
21 (Deluxe) 2kcal Nypel
51%
24 (Deluxe) Mała chmurka Kuqe 2115
45%
25 (Deluxe) Kiedyś to będzie Lazy The Loser
35%
Nie znaleziono quizów pasujących do podanych kryteriów
Rozkład punktacji
Procent ludzi z każdym wynikiem
Percentyl według liczby udzielonych odpowiedzi
Twoja historia wyników
Nie rozwiązałeś tego quizu od ostatniego zresetowania